| Поле | Название | Значение |
| |
Тип записи |
a |
| |
Библиографический уровень |
m |
| 001 |
Контрольный номер |
RU\infra-m\znanium\bibl\2135847 |
| 005 |
Дата корректировки |
20240827142109.1 |
| 008 |
Кодируемые данные |
240116s2024 RU g rus u |
| 020 |
Индекс ISBN |
__ |
| a |
ISBN |
978-5-9275-4423-3 |
| 040 |
Источник каталогиз. |
__ |
| a |
Служба первич. каталог. |
Общество с ограниченной ответственностью «ЗНАНИУМ» |
| 041 |
Код языка издания |
__ |
| a |
Код языка текста |
rus |
| 044 |
Код страны публикации |
__ |
| a |
Код страны публикации |
RU |
| 080 |
Индекс УДК |
__ |
| a |
Индекс УДК |
811111 |
| 080 |
Индекс УДК |
__ |
| a |
Индекс УДК |
811134 |
| 084 |
Индекс другой классификации/Индекс ББК |
__ |
| 2 |
Источник индекса |
rubbk |
| a |
Индекс другой классификации/Индекс ББК |
812А |
| 084 |
Индекс другой классификации/Индекс ББК |
__ |
| 2 |
Источник индекса |
rubbk |
| a |
Индекс другой классификации/Индекс ББК |
812И |
| 084 |
Индекс другой классификации/Индекс ББК |
__ |
| 2 |
Источник индекса |
okso |
| a |
Индекс другой классификации/Индекс ББК |
45.03.02 |
| 084 |
Индекс другой классификации/Индекс ББК |
__ |
| 2 |
Источник индекса |
okso |
| a |
Индекс другой классификации/Индекс ББК |
45.03.03 |
| 084 |
Индекс другой классификации/Индекс ББК |
__ |
| 2 |
Источник индекса |
okso |
| a |
Индекс другой классификации/Индекс ББК |
45.04.02 |
| 100 |
Автор |
__ |
| a |
Автор |
Саркисов Э.Э. |
| q |
Полное имя |
Саркисов Эмиль Эдуардович |
| u |
Дополнение |
Южный федеральный университет |
| 245 |
Заглавие |
__ |
| a |
Заглавие |
Межъязыковая интерференция в современном англо-испанском лингва франка (Spanglish) |
| b |
Продолж. заглавия |
Монография |
| c |
Ответственность |
Южный федеральный университет |
| 260 |
Выходные данные |
__ |
| a |
Место издания |
Ростов-на-Дону |
| b |
Издательство |
Издательство Южного федерального университета (ЮФУ) |
| c |
Дата издания |
2023 |
| 300 |
Физическое описание |
__ |
| a |
Объем |
150 с. |
| 520 |
Аннотация |
__ |
| a |
Аннотация |
На репрезентативном практическом материале совокупный объем и содержание которого составили аудио- и видеозаписи с участием носителей англо-испанского билингвизма электронные ресурсы печатные текстовые источники (романы) выявляются общие и частные коммуникативно-прагматические и функционально-семантические особенности межъязыковой интерференции в современном языке Spanglish и его разнообразных проявлениях в рамках четырех базовых доменов коммуникации: lingua educatio (сфера образования) lingua cotidianus (сфера быта) lingua ars (сфера искусства) и lingua fictio (сфера художественной литературы). Использованы новейшие методики сбора и обработки эмпирического материла что обеспечивает высокую степень верифицированности авторских заключений. Доказано что интерференция как движущая сила внутриязыковых изменений проявляется исключительно специфически в каждом из доменов и соответственно в вариантах их обслуживающих; при этом «скрытый» интерференциальный фактор следует рассматривать в одном ряду с иными факторами обусловливающими возникновение и развитие лингва франка типа Spanglish. Монография адресована ученым-лингвистам преподавателям университетов всем кто интересуются современными проблемами коммуникативистики билингвологии прагматики и стилистики высказывания на лингва франка. |
| 521 |
Примеч. о цел. назн. |
__ |
| a |
Примеч. о целев. назн. |
Профессиональное образование |
| 650 |
Тематические рубрики |
__ |
| a |
Основная рубрика |
Филологические науки |
| x |
Основная подрубрика |
Общие вопросы. Лингвистика |
| 655 |
Указ. предметных рубрик (устаревшее) |
__ |
| a |
Жанр/ форма (устаревшее) |
Монография |
| 700 |
Другие авторы |
__ |
| a |
Другие авторы |
Николаев С.Г. |
| q |
Полное имя |
Николаев Сергей Георгиевич |
| u |
Дополнение |
Южный федеральный университет |
| 856 |
Электронный адрес документа |
4_ |
| a |
Имя сервера/домена |
znanium.ru |
| m |
Помощь |
ebs_support@infra-m.ru |
| n |
Местонахождение сервера |
НИЦ ИНФРА-М |
| u |
URL |
https://znanium.ru/catalog/document?id=440638 |
| 856 |
Электронный адрес документа |
48 |
| a |
Имя сервера/домена |
znanium.ru |
| d |
Путь |
/cover/2135 |
| f |
Электронное имя |
2135847.jpg |
| q |
Тип электронного формата |
image/jpeg |
| u |
URL |
https://znanium.ru/cover/2135/2135847.jpg |
| 911 |
|
__ |
| u |
|
0030=https://znanium.ru/catalog/document?id=440638 |